The Ultimate papercraft and origami book

Bibliographic Details
Main Author: JACKSON, Paul
Format: Book
Published: London : Anness Publishing , 1993
Subjects:

MARC

LEADER 00000cam a2200000 7i4500
001 0000002526
002 000002750
005 20000330.0
020 |a 1873762259 
090 0 0 |a 745.54   |b JAC 
100 1 |a JACKSON, Paul 
245 1 4 |a The Ultimate papercraft and origami book   |c Paul Jackson,Angela A'Court and Marion Elliot 
260 |a London :   |b Anness Publishing ,   |c 1993 
300 |a 256p. :   |b ill ;   |c 28cm. 
650 0 0 |a Papercraft 
999 |a 036225   |b BUKU   |c RUJUKAN   |e PERPUSTAKAAN KOMUNITI PETALING JAYA 
999 |a 048874   |b BUKU   |c PINJAMAN   |e PERPUSTAKAAN KOMUNITI PETALING JAYA